[Event "ITA-ch U20 2019"]
[Site "Padova"]
[Date "2019.12.01"]
[Round "4"]
[White "Bin-Suhayl, Ieysaa"]
[Black "Simonetto, Andrea"]
[Result "1-0"]
[WhiteElo "2187"]
[BlackElo "2185"]
[Annotator "ChessBase"]
[PlyCount "137"]
[EventDate "2019.11.28"]
[EventType "tourn"]
[EventCountry "ITA"]
[SourceTitle "playchess.com"]
[Source "ChessBase"]
[SourceQuality "1"]
[TimeControl "40/6600+30:20/3000+30:900+30"]

1. Nf3 d5 2. g3 Nf6 3. Bg2 e6 4. O-O c5 5. c4 dxc4 6. Na3 Nc6 7. Nxc4 Be7 8. b3 O-O 9. Bb2 Qc7 10. Nfe5 Bd7 11. a4 Rfd8 12. e3 Be8 13. f4 b6 14. g4 Nd5 15. g5 Nxe5 16. Bxe5 Qc8 17. Be4 g6 18. Qe1 Bc6 19. Qh4 Nb4 20. Bf6 Rd7 21. Bxc6 Nxc6 22. Rf3 Bxf6 23. gxf6 Rd5 24. Rh3 Rh5 25. Qg4 Rxh3 26. Qxh3 Qd8 27. Qh4 Nb4 28. Ne5 Nd5 29. Rc1 Qxf6 30. Qxf6 Nxf6 31. Kf2 Nd5 32. Ke2 f6 33. Nf3 Rd8 34. d3 Kf7 35. Rc4 Rd7 36. d4 cxd4 37. Nxd4 h6 38. h4 Rc7 39. Rxc7+ Nxc7 40. e4 a6 41. Ke3 e5 42. fxe5 fxe5 43. Nc6 Kf6 44. b4 Ke6 45. Nd8+ Ke7 46. Nc6+ Kd6 47. Nd8 Ke7 48. Nc6+ Kf6 49. Nb8 Ke6 50. Nc6 Kd6 51. Nd8 h5 52. Kd3 Kd7 53. Nf7 Ke6 54. Nd8+ Kf6 55. Nc6 Ne6 56. Nb8 Nf4+ 57. Ke3 g5 58. Nxa6 gxh4 59. Kf3 Nd3 60. Nb8 Ke6 61. a5 Nxb4 62. axb6 Ke7 63. b7 Kd6 64. Nd7 Na6 65. b8=Q+ Nxb8 66. Nxb8 Kc7 67. Na6+ Kb6 68. Nb4 Kc5 69. Nd5 1-0

[Event "ITA-ch U20 2019"]
[Site "Padova"]
[Date "2019.12.03"]
[Round "5"]
[White "Loiacono, Leonardo"]
[Black "Carnicelli, Valerio"]
[Result "1-0"]
[WhiteElo "2297"]
[BlackElo "2303"]
[Annotator "TA"]
[PlyCount "139"]
[EventDate "2019.11.28"]
[EventType "tourn"]
[EventCountry "ITA"]
[SourceTitle "playchess.com"]
[Source "ChessBase"]
[SourceQuality "1"]

{[%evp 22,139,-31,-32,-8,-8,-7,-18,0,-11,-15,-10,-10,-19,-18,-22,7,0,0,0,37,21,38,0,0,0,0,0,18,0,8,16,26,12,24,0,31,33,39,0,0,0,17,0,0,0,0,0,0,0,0,0,0,0,17,18,16,12,7,33,27,27,34,27,54,32,27,57,70,52,472,472,469,450,452,430,456,464,472,472,470,470,457,281,464,447,456,453,456,401,456,329,325,0,352,281,289,274,304,253,274,274,265,265,770,716,5114,2897,4627,4377,2370,1957,1785,1675,29968,29970,12836,7100,5716,5725]} 1. e4 e5 2. Nf3 Nc6 3. Bb5 a6 4. Bxc6 dxc6 5. O-O Bg4 6. h3 h5 7. d3 Qf6 8. Nbd2 Ne7 9. Nc4 Bxf3 10. Qxf3 Qxf3 11. gxf3 Ng6 12. Be3 Bd6 {C68: Ruy Lopez: Exchange Variation, sidelines} 13. Rfd1 O-O-O (13... f6 14. Kf1 c5 15. a4 a5 16. Ke2 Nf8 17. f4 exf4 18. Nxd6+ cxd6 19. Bxf4 Kd7 20. Be3 {½-½ (41) Socko,B (2600)-Piorun,K (2681) Katowice 2016}) 14. Kf1 Nf8 {The position is equal.} 15. f4 exf4 $146 ({Predecessor:} 15... f6 16. f5 g5 17. h4 g4 18. f3 Rg8 19. Kf2 Nd7 20. Rg1 gxf3 21. Kxf3 {1-0 (47) Marholev,D (2407)-Filev,G (2102) Plovdiv 2003}) 16. Nxd6+ cxd6 17. Bxf4 Ne6 18. Be3 d5 19. f4 Rhe8 20. Kf2 Nf8 21. Kf3 Rd7 22. Bf2 g6 23. b4 Ne6 24. Bb6 Ree7 25. Be3 Nc7 26. a4 Re6 27. Bc5 Rf6 28. Be3 Ne6 29. Kg3 Nc7 30. Rf1 Re6 31. Kf3 Re8 32. Rae1 Ne6 33. Rd1 Red8 34. e5 d4 35. Bf2 Ng7 36. Ra1 Rd5 37. Rfb1 Nf5 {[#]} 38. b5 $1 {[%mdl 512]} cxb5 (38... axb5 39. axb5) 39. axb5 Rxb5 40. Rxb5 axb5 $11 {[%mdl 4096] Endgame KRB-KRN} 41. Ra5 Kc7 42. Rxb5 Kc6 43. Rb4 b5 44. Ke4 Kc5 45. c3 {Hoping for Rb1.} Ng3+ $2 {[%mdl 8192]} (45... Ra8 $1 $14) 46. Bxg3 $18 dxc3 {KRB-KR} 47. Rb3 b4 {[#]} 48. Be1 $1 Rd4+ 49. Ke3 Rd7 {[#]} 50. Bxc3 $1 bxc3 51. Rxc3+ {KR-KR} Kd5 52. Ra3 Rb7 $2 (52... g5 53. Ra5+ Ke6 54. fxg5 Kf5) 53. Ra5+ Ke6 54. Ra6+ Ke7 55. Ke4 Rb3 56. Ra7+ Ke6 57. Ra6+ Ke7 58. Rc6 Ra3 59. Rb6 Rc3 60. Rf6 Rc1 61. f5 Re1+ {[#]} 62. Kd4 $1 g5 $2 (62... gxf5 63. Rxf5 h4) 63. Ra6 g4 64. hxg4 hxg4 65. f6+ Ke8 66. Ra2 Kd7 67. Kd5 Rb1 68. Ra7+ Ke8 69. Ra8+ Kd7 70. Rf8 {Accuracy: White = 65%, Black = 38%.} 1-0

[Event "ITA-ch U20 2019"]
[Site "Padova"]
[Date "2019.12.03"]
[Round "5"]
[White "Loiacono, Antonio"]
[Black "Lumachi, Gabriele"]
[Result "1/2-1/2"]
[WhiteElo "2289"]
[BlackElo "2224"]
[Annotator "ChessBase"]
[PlyCount "29"]
[EventDate "2019.11.28"]
[EventType "tourn"]
[EventCountry "ITA"]
[SourceTitle "playchess.com"]
[Source "ChessBase"]
[SourceQuality "1"]
[TimeControl "40/6600+30:20/3000+30:900+30"]

1. e4 e5 2. Nf3 Nc6 3. Nc3 Nf6 4. Bb5 Nd4 5. Bc4 Bc5 6. d3 c6 7. Nxd4 Bxd4 8. Qf3 d6 9. h3 b5 10. Bb3 a5 11. a4 Be6 12. Bxe6 fxe6 13. Nd1 O-O 14. O-O Qe8 15. Qe2 1/2-1/2

[Event "ITA-ch U20 2019"]
[Site "Padova"]
[Date "2019.12.03"]
[Round "5"]
[White "Palozza, Christian"]
[Black "Bin-Suhayl, Ieysaa"]
[Result "1-0"]
[WhiteElo "2187"]
[BlackElo "2187"]
[Annotator "ChessBase"]
[PlyCount "67"]
[EventDate "2019.11.28"]
[EventType "tourn"]
[EventCountry "ITA"]
[SourceTitle "playchess.com"]
[Source "ChessBase"]
[SourceQuality "1"]
[TimeControl "40/6600+30:20/3000+30:900+30"]

1. d4 Nf6 2. c4 c5 3. d5 b5 4. cxb5 a6 5. e3 axb5 6. Bxb5 Qa5+ 7. Nc3 Bb7 8. Bd2 Qb6 9. a4 Nxd5 10. Nf3 e6 11. O-O Be7 12. e4 Nxc3 13. Bxc3 Bxe4 14. Nd2 Bd5 15. Qg4 Bf6 16. Bxf6 gxf6 17. Qg7 Rf8 18. Rfe1 Nc6 19. Bc4 Ne7 20. Qxf6 Bc6 21. Bb5 d5 22. Nf3 Bxb5 23. axb5 Rb8 24. Ng5 Qxb5 25. Nxh7 Rg8 26. Qe5 Rg6 27. Nf6+ Rxf6 28. Qxf6 Qxb2 29. Qf4 Qb6 30. h4 Ng6 31. Qg3 Qb3 32. Re3 Qb2 33. Rae1 Qf6 34. Qxb8+ 1-0

[Event "ITA-ch U20 2019"]
[Site "Padova"]
[Date "2019.12.03"]
[Round "5"]
[White "Simonetto, Andrea"]
[Black "Seresin, Francesco"]
[Result "0-1"]
[WhiteElo "2185"]
[BlackElo "2367"]
[Annotator "TA"]
[PlyCount "94"]
[EventDate "2019.11.28"]
[EventType "tourn"]
[EventCountry "ITA"]
[SourceTitle "playchess.com"]
[Source "ChessBase"]
[SourceQuality "1"]

{[%evp 20,94,40,28,25,38,38,20,36,14,19,0,0,0,25,6,10,10,0,-31,-19,-30,-24,-45,-42,-53,-22,-17,-19,-28,0,0,0,-28,-33,-112,-118,-122,-121,-156,-151,-155,-154,-145,-154,-133,-135,-141,-158,-168,-165,-164,-158,-161,-161,-156,-149,-172,-167,-252,-250,-251,-255,-278,-260,-613,-625,-599,-600,-610,-618,-599,-584,-537,-487,-487,-464]} 1. Nf3 d5 2. e3 Nf6 3. c4 e6 4. b3 c6 5. Bb2 Nbd7 6. Nc3 Bd6 7. Qc2 O-O 8. Be2 Re8 9. d4 Qe7 10. O-O dxc4 11. Bxc4 b5 {D45: Semi-Slav: 5 e3} 12. Bd3 Bb7 13. Rac1 {[#]} a6 $146 {The position is equal.} ({Predecessor:} 13... Rac8 14. e4 Bf4 15. Rcd1 c5 16. Nxb5 cxd4 17. Qb1 Nc5 18. e5 Bxf3 19. exf6 Qxf6 20. Bxh7+ {0-1 (29) Ftacnik,L (2544)-Navara,D (2646) Prague 2008}) 14. Rfd1 Rac8 15. Ne4 Nxe4 16. Bxe4 f5 17. Bd3 c5 18. Qe2 cxd4 19. exd4 (19. Nxd4 {is interesting.} Nc5 20. Bc2 b4 21. f4 Rf8 22. Qc4) 19... Nf6 20. Rxc8 Rxc8 21. Re1 Bd5 22. Ne5 Bb4 23. Rc1 Rxc1+ 24. Bxc1 Bc3 25. Bb2 Qb4 26. Bxc3 Qxc3 27. Qc2 (27. Qe3 $1 $15) 27... Ne4 $1 $17 28. Qxc3 Nxc3 {[%mdl 4096] Endgame KBN-KBN} 29. a4 bxa4 30. bxa4 a5 31. Bc4 Nxa4 32. Bxd5 exd5 {KN-KN} 33. Nc6 Nc3 {...a4 is the strong threat.} 34. Nxa5 Ne2+ {[%mdl 64] Double Attack} 35. Kf1 Nxd4 36. Ke1 Kf7 37. Kd2 Ke7 38. Ke3 Ne6 39. Nb3 (39. f3 {was called for.}) 39... Kd6 $19 40. g3 {[#]} Kc6 $1 41. h4 Kb5 42. h5 $2 (42. Nd2) 42... Kc4 {Black is clearly winning.} 43. Nd2+ Kc3 44. Nb1+ Kb2 45. Nd2 {[#]} Kc2 $1 46. Nf3 Kc3 47. Nh4 f4+ {Played: d5-d4} 0-1

[Event "ITA-ch U20 2019"]
[Site "Padova"]
[Date "2019.12.04"]
[Round "6"]
[White "Carnicelli, Valerio"]
[Black "Simonetto, Andrea"]
[Result "1-0"]
[WhiteElo "2303"]
[BlackElo "2185"]
[Annotator "NA"]
[PlyCount "129"]
[EventDate "2019.11.28"]
[EventType "tourn"]
[EventCountry "ITA"]
[SourceTitle "playchess.com"]
[Source "ChessBase"]
[SourceQuality "1"]
[TimeControl "40/6600+30:20/3000+30:900+30"]

1. e4 c6 2. d4 d5 3. e5 Bf5 4. Nc3 e6 5. g4 Bg6 $1 6. Nge2 h5 7. Nf4 Ne7 8. Nxg6 Nxg6 9. gxh5 Nh4 10. Qg4 Nd7 ({Black should try} 10... c5 $14) 11. Be3 c5 12. dxc5 g6 $2 (12... a6 $1 $14) 13. O-O-O $18 Rxh5 14. Bb5 a6 15. Ba4 Nf5 16. Nxd5 exd5 17. Rxd5 Rh4 18. Qg2 Rxa4 19. e6 Nxe3 20. exd7+ Qxd7 21. fxe3 Qe6 22. Rhd1 Rc8 23. Qd2 Be7 24. Qc3 Re4 25. R1d3 Rxe3 26. Rxe3 Qxd5 27. Qh8+ Kd7 28. Rxe7+ Kxe7 29. Qxc8 Qh1+ 30. Kd2 Qxh2+ 31. Kd3 Qg3+ 32. Kc4 Qf4+ 33. Kb3 Qe4 34. c4 Qd3+ 35. Kb4 Qd7 36. Qh8 Qd2+ 37. Kb3 Qe3+ 38. Kb4 g5 39. Qb8 Qe4 40. Qd6+ Ke8 41. Ka5 g4 42. b4 Qe7 43. Kb6 Qxd6+ 44. cxd6 Kd7 45. c5 g3 46. Kxb7 g2 47. c6+ Kxd6 48. c7 g1=Q 49. c8=Q Qg2+ 50. Ka7 Qf2+ 51. Kxa6 Qxa2+ 52. Kb6 Ke5 53. Qc7+ Ke4 54. Qe7+ Kd4 55. Qf6+ Kd3 56. b5 Qd5 57. Kc7 Qc5+ 58. Qc6 Qa7+ 59. Kc8 f5 60. b6 Qa6+ 61. Kc7 Qa5 62. Kc8 Qa6+ 63. Kd7 Ke2 64. b7 Qa7 65. Kc8 1-0

[Event "ITA-ch U20 2019"]
[Site "Padova"]
[Date "2019.12.04"]
[Round "6"]
[White "Lumachi, Gabriele"]
[Black "Loiacono, Leonardo"]
[Result "1/2-1/2"]
[WhiteElo "2224"]
[BlackElo "2297"]
[Annotator "NA"]
[PlyCount "77"]
[EventDate "2019.11.28"]
[EventType "tourn"]
[EventCountry "ITA"]
[SourceTitle "playchess.com"]
[Source "ChessBase"]
[SourceQuality "1"]
[TimeControl "40/6600+30:20/3000+30:900+30"]

1. e4 e5 2. Nf3 Nc6 3. Bb5 g6 4. c3 a6 5. Bxc6 dxc6 $14 6. d4 exd4 7. cxd4 Bg4 8. Qb3 Bxf3 9. gxf3 Bg7 10. Nc3 Ne7 11. Bg5 h6 12. Be3 Bxd4 13. O-O-O c5 14. Qxb7 O-O 15. Bxh6 Re8 16. Bf4 Qd7 17. Qxc7 Qe6 18. Rd2 Rad8 19. Qa5 Nc6 20. Qa3 Bxc3 21. Qxc3 Qxa2 22. Qa3 Qxa3 23. bxa3 Nd4 24. Kb2 Nxf3 25. Rxd8 Rxd8 26. Rc1 Rc8 27. Rc3 Nd4 28. Be5 Ne6 29. Rh3 Ng7 30. f4 Nh5 31. Rb3 Kf8 32. f5 Rc6 33. Rb8+ Ke7 34. Rb7+ Ke8 35. Rb8+ Ke7 36. Rb7+ Ke8 37. h4 Nf6 38. fxg6 fxg6 39. Bxf6 1/2-1/2

[Event "ITA-ch U20 2019"]
[Site "Padova"]
[Date "2019.12.04"]
[Round "6"]
[White "Bin-Suhayl, Ieysaa"]
[Black "Seresin, Francesco"]
[Result "1/2-1/2"]
[WhiteElo "2187"]
[BlackElo "2367"]
[Annotator "NA"]
[PlyCount "64"]
[EventDate "2019.11.28"]
[EventType "tourn"]
[EventCountry "ITA"]
[SourceTitle "playchess.com"]
[Source "ChessBase"]
[SourceQuality "1"]
[TimeControl "40/6600+30:20/3000+30:900+30"]

1. d4 d5 2. c4 e6 3. Nf3 a6 4. e3 Nf6 5. Nbd2 Be7 6. Bd3 O-O 7. O-O b6 8. b3 Bb7 9. Bb2 Nbd7 $11 10. Qc2 h6 11. e4 dxe4 12. Nxe4 c5 13. Rad1 Qc7 14. dxc5 bxc5 15. Rfe1 Rad8 16. Nxf6+ Nxf6 17. Ne5 Rd6 18. Bc3 Rfd8 19. Qe2 Ne4 20. Bxe4 Rxd1 21. Rxd1 Rxd1+ 22. Qxd1 Bxe4 23. Qe2 Bb7 24. Nd3 Qc6 25. f3 Bc8 26. Bd2 f6 27. Be3 e5 28. Qf2 e4 29. Nxc5 exf3 30. Qxf3 Qxf3 31. gxf3 Bxc5 32. Bxc5 Bf5 1/2-1/2

[Event "ITA-ch U20 2019"]
[Site "Padova"]
[Date "2019.12.04"]
[Round "6"]
[White "Palozza, Christian"]
[Black "Loiacono, Antonio"]
[Result "1/2-1/2"]
[WhiteElo "2187"]
[BlackElo "2289"]
[Annotator "TA"]
[PlyCount "53"]
[EventDate "2019.11.28"]
[EventType "tourn"]
[EventCountry "ITA"]
[SourceTitle "playchess.com"]
[Source "ChessBase"]
[SourceQuality "1"]

{[%evp 10,53,13,0,2,0,0,0,11,4,0,0,12,15,22,9,11,10,30,10,10,13,7,17,21,12,17,24,26,-7,16,-25,-13,-19,-24,-20,-16,-57,-20,-20,-18,-21,-8,-3,0,-8]} 1. d4 d5 2. c4 c6 3. Nf3 Nf6 4. Qc2 dxc4 5. Qxc4 Bg4 6. Nbd2 Nbd7 {D23: Queen's Gambit Accepted: 3 Nf3 Nf6 sidelines} 7. g3 e6 8. Bg2 Be7 9. O-O O-O 10. Qb3 Qb6 11. Nc4 Qa6 12. Bd2 Nb6 13. Rfc1 {[#]} Nfd7 $146 ({Predecessor:} 13... Nxc4 14. Qxc4 Qxc4 15. Rxc4 {1-0 (44) Mamedyarov,S (2817)-Hovhannisyan,R (2637) St Petersburg 2018}) 14. e3 (14. Ne3 {is more complex.} Bh5 15. a4 Rac8 16. Bf1 Nd5 17. Nc4) 14... Nxc4 15. Qxc4 Qxc4 16. Rxc4 Nb6 17. Rcc1 a5 {[%cal Ba7a5,Ba5a4][%mdl 32]} 18. Ne5 Be2 19. Be1 Rfd8 20. f4 f6 21. Nf3 a4 22. Kf2 Bd3 23. Nd2 f5 (23... e5 $5) 24. Rc3 {The position is equal.} Bb5 25. Nf3 Nd5 26. Rcc1 Rac8 27. Ne5 {Accuracy: White = 61%, Black = 57%.} 1/2-1/2

[Event "ITA-ch U20 2019"]
[Site "Padova"]
[Date "2019.12.05"]
[Round "7"]
[White "Seresin, Francesco"]
[Black "Carnicelli, Valerio"]
[Result "1-0"]
[WhiteElo "2367"]
[BlackElo "2303"]
[Annotator "NA"]
[PlyCount "45"]
[EventDate "2019.11.28"]
[EventType "tourn"]
[EventCountry "ITA"]
[SourceTitle "playchess.com"]
[Source "ChessBase"]
[SourceQuality "1"]
[TimeControl "40/6600+30:20/3000+30:900+30"]

1. d4 Nf6 2. c4 g6 3. Nf3 Bg7 4. g3 O-O 5. Bg2 d6 6. Nc3 Nc6 7. O-O a6 8. d5 Na5 9. b3 Rb8 10. Bb2 b5 11. cxb5 axb5 12. Re1 b4 13. Nb1 Nb7 14. Nd4 Bd7 15. Nd2 Nc5 16. Qc2 Qe8 17. e4 Ng4 18. h3 $14 Ne5 19. Bf1 g5 20. Nf5 Bxf5 21. exf5 Ned3 22. f6 Nxe1 23. Rxe1 1-0

[Event "ITA-ch U20 2019"]
[Site "Padova"]
[Date "2019.12.05"]
[Round "7"]
[White "Loiacono, Leonardo"]
[Black "Palozza, Christian"]
[Result "1-0"]
[WhiteElo "2297"]
[BlackElo "2187"]
[Annotator "NA"]
[PlyCount "139"]
[EventDate "2019.11.28"]
[EventType "tourn"]
[EventCountry "ITA"]
[SourceTitle "playchess.com"]
[Source "ChessBase"]
[SourceQuality "1"]
[TimeControl "40/6600+30:20/3000+30:900+30"]

1. d4 e6 2. c4 Nf6 3. Nc3 Bb4 4. Qc2 d6 5. Nf3 Nbd7 6. g3 b6 7. Bg2 Bb7 8. O-O Bxc3 9. Qxc3 O-O 10. b3 Be4 11. Bb2 {E32: Nimzo-Indian: Classical (4 Qc2): 4...0-0} c6 $146 ({Predecessor:} 11... Qe7 12. Bh3 c5 13. Nd2 Bb7 14. f3 d5 15. Rfd1 Rfe8 16. Nf1 e5 17. dxe5 d4 18. exf6 Qxe2 {½-½ (83) Zoler,D (2513)-Saraci,N (2391) Skopje 2019}) 12. Ba3 Qb8 13. Bh3 Rc8 14. Nd2 Bg6 15. Bg2 d5 16. Bb2 b5 17. a4 bxc4 18. bxc4 a5 19. Qa3 $11 Ra7 20. Bc3 Nb6 21. Rfc1 dxc4 22. Qa2 Nfd5 23. Nxc4 Nxc4 24. Qxc4 Nb6 25. Qb3 Nd5 26. Qxb8 Rxb8 27. Be1 Nb4 28. e3 h6 29. Bxc6 Nxc6 30. Rxc6 Be4 31. Rc5 Rab7 32. Rcc1 Rb1 33. Bxa5 Rxc1+ 34. Rxc1 Ra8 35. Rc5 Bf3 36. Kf1 Bd1 37. Kg2 Bxa4 38. e4 Ra7 39. g4 Rd7 40. Bc3 Bd1 41. Kg3 Bc2 42. f3 Bd1 43. h4 Ra7 44. d5 exd5 45. exd5 Rd7 46. Bb4 Bb3 47. Rc8+ Kh7 48. d6 f6 49. Rb8 Bd5 50. Kf2 Kg6 51. Ke3 Be6 52. Kd4 h5 53. gxh5+ Kxh5 54. Re8 Bh3 55. Rh8+ Kg6 56. Kc5 Be6 57. Kc6 Bh3 58. Bc5 Kf7 59. Bb6 Bf5 60. h5 Be6 61. h6 gxh6 62. Rh7+ Ke8 63. Rxh6 Kf7 64. Bd4 Ke8 65. Bxf6 Bf5 66. Bd4 Bh7 67. Re6+ Kf8 68. Kxd7 Bf5 69. Kc7 Bxe6 70. d7 1-0

[Event "ITA-ch U20 2019"]
[Site "Padova"]
[Date "2019.12.05"]
[Round "7"]
[White "Loiacono, Antonio"]
[Black "Bin-Suhayl, Ieysaa"]
[Result "1/2-1/2"]
[WhiteElo "2289"]
[BlackElo "2187"]
[Annotator "NA"]
[PlyCount "96"]
[EventDate "2019.11.28"]
[EventType "tourn"]
[EventCountry "ITA"]
[SourceTitle "playchess.com"]
[Source "ChessBase"]
[SourceQuality "1"]
[TimeControl "40/6600+30:20/3000+30:900+30"]

1. Nf3 Nf6 2. c4 c5 3. Nc3 Nc6 4. d4 cxd4 5. Nxd4 d5 6. cxd5 Nxd5 {A31: Symmetrical English: 2 Nf3 Nf6 3 d4} 7. Nxc6 bxc6 8. e4 (8. Bd2 e5 9. g3 Be6 10. Qa4 Qd7 11. Bg2 Rb8 12. O-O Rxb2 13. Rfd1 Bb4 14. Bc1 Nxc3 15. Rxd7 Nxa4 16. Rxa7 Rxe2 17. Bxc6+ {1-0 (27) Grandelius,N (2644)-Yuffa,D (2515) Lund 2017}) 8... Nxc3 9. Qxd8+ Kxd8 10. bxc3 e5 11. Bc4 Bc5 12. f4 $146 ({Predecessor:} 12. Ke2 Rb8 13. Rd1+ Ke7 14. Be3 Bxe3 15. Kxe3 f6 16. Rab1 Rxb1 17. Rxb1 Kd6 18. Rb4 {½-½ (18) Popilski,G (2518)-Porat,I (2424) Israel 2012}) 12... exf4 13. Bxf4 Ke7 14. Rb1 Bb6 15. a4 Be6 16. Bxe6 Kxe6 17. Ke2 Rhd8 18. Rhd1 $11 Rxd1 19. Kxd1 Rd8+ 20. Kc2 Rd7 21. Kb3 h5 22. Kc4 f5 23. exf5+ Kxf5 24. Rf1 g5 25. Bc1+ Kg6 26. Re1 Rf7 27. h3 Rf2 28. g4 hxg4 29. hxg4 Kf6 30. Re8 Rg2 31. Re4 Rf2 32. Kb3 Rf1 33. Kc2 Rf2+ 34. Bd2 Bc7 35. Kd3 Bf4 36. Bxf4 Rxf4 37. Ke3 Rxe4+ 38. Kxe4 Ke6 39. Kd4 Kd6 40. Ke4 Ke6 41. Kd4 Kd6 42. a5 a6 43. Kc4 c5 44. Kd3 Ke5 45. Ke3 Kd5 46. Kd3 c4+ 47. Ke3 Ke5 48. Kf3 Kd5 1/2-1/2

[Event "ITA-ch U20 2019"]
[Site "Padova"]
[Date "2019.12.05"]
[Round "7"]
[White "Simonetto, Andrea"]
[Black "Lumachi, Gabriele"]
[Result "0-1"]
[WhiteElo "2185"]
[BlackElo "2224"]
[Annotator "NA"]
[PlyCount "40"]
[EventDate "2019.11.28"]
[EventType "tourn"]
[EventCountry "ITA"]
[SourceTitle "playchess.com"]
[Source "ChessBase"]
[SourceQuality "1"]
[TimeControl "40/6600+30:20/3000+30:900+30"]

1. d4 d5 2. c4 dxc4 3. Nf3 a6 4. e4 b5 5. b3 cxb3 6. axb3 Bb7 7. Qc2 e6 8. Ba3 Bxa3 9. Rxa3 Nc6 10. Qb2 Nf6 11. Nbd2 Nb4 12. e5 Nfd5 13. g3 Qe7 14. Ra1 O-O 15. Rc1 Rac8 16. Rc5 Nb6 17. Qc1 Nd7 18. Rxc7 Nxe5 19. Rxe7 Rxc1+ 20. Ke2 Nxf3 0-1

[Event "ITA-ch U20 2019"]
[Site "Padova"]
[Date "2019.12.05"]
[Round "8"]
[White "Loiacono, Leonardo"]
[Black "Loiacono, Antonio"]
[Result "1-0"]
[WhiteElo "2297"]
[BlackElo "2289"]
[Annotator "NA"]
[PlyCount "89"]
[EventDate "2019.11.28"]
[EventType "tourn"]
[EventCountry "ITA"]
[SourceTitle "playchess.com"]
[Source "ChessBase"]
[SourceQuality "1"]
[TimeControl "40/6600+30:20/3000+30:900+30"]

1. d4 d5 2. c4 c6 3. Nc3 Nf6 4. Nf3 e6 5. g3 dxc4 6. Bg2 Nbd7 7. O-O Be7 8. e4 b5 9. d5 b4 10. dxc6 bxc3 11. cxd7+ Qxd7 12. bxc3 Bb7 13. Qxd7+ Nxd7 14. Nd4 Nc5 15. e5 Bxg2 16. Kxg2 Nd3 17. f4 Bc5 18. Be3 Kd7 19. Rab1 Bxd4 20. Bxd4 Kc6 21. f5 Rab8 22. fxe6 fxe6 23. Bxa7 Rxb1 24. Rxb1 Ra8 25. Bd4 Rxa2+ 26. Kf3 Kc7 27. h4 Ra8 28. Ke4 Ra2 29. Kf3 Ra8 30. Ke3 Rf8 31. Ra1 Nf2 32. Ra7+ Kc6 33. Rxg7 Nd1+ 34. Kd2 Nb2 35. Rxh7 Kd5 36. Rb7 Nd3 37. Ke3 Rf1 38. Rd7+ Kc6 39. Rd6+ Kb5 40. Rxe6 Re1+ 41. Kd2 Ra1 42. Rb6+ Ka5 43. Rb8 Rh1 44. e6 Re1 45. Re8 1-0

[Event "ITA-ch U20 2019"]
[Site "Padova"]
[Date "2019.12.05"]
[Round "9"]
[White "Seresin, Francesco"]
[Black "Loiacono, Leonardo"]
[Result "0-1"]
[WhiteElo "2367"]
[BlackElo "2297"]
[Annotator "NA"]
[PlyCount "85"]
[EventDate "2019.11.28"]
[EventType "tourn"]
[EventCountry "ITA"]
[SourceTitle "playchess.com"]
[Source "ChessBase"]
[SourceQuality "1"]

1. c4 e6 2. Nc3 d5 3. d4 Nf6 4. Bg5 Be7 5. e3 h6 6. Bxf6 Bxf6 7. Nf3 O-O 8. Qd2 dxc4 9. Bxc4 Nd7 10. O-O e5 11. Rad1 exd4 12. exd4 Nb6 13. Bb3 Bf5 14. Rfe1 c6 15. Ne4 Bxe4 16. Rxe4 Qd6 17. Rg4 Kh8 18. Bc2 Qe6 19. Qd3 g6 20. Rg3 Qc4 21. Qd2 Kg7 22. Bb3 Qb5 23. h4 h5 24. Ng5 Nd5 25. Qc2 Bxg5 26. Rxg5 Rae8 27. Re5 f6 28. Ree1 Qa5 29. Re2 Nf4 30. Re3 Rxe3 31. fxe3 Nd5 32. Qf2 Re8 33. Re1 f5 34. a3 Nf6 35. Rc1 Ne4 36. Qf4 Qd8 37. Rf1 Qd6 38. Bc2 Qxf4 39. Rxf4 Nd6 40. Kf2 Nc4 41. e4 fxe4 42. Bxe4 Nxa3 43. bxa3 0-1

[Event "ITA-ch U20 2019"]
[Site "Padova"]
[Date "2019.12.05"]
[Round "9"]
[White "Santeramo, Alessia"]
[Black "Gueci, Tea"]
[Result "1-0"]
[WhiteElo "2138"]
[BlackElo "2268"]
[Annotator "NA"]
[PlyCount "81"]
[EventDate "2019.11.28"]
[EventType "tourn"]
[EventCountry "ITA"]
[SourceTitle "playchess.com"]
[Source "ChessBase"]
[SourceQuality "1"]

1. e4 c5 2. Nf3 Nc6 3. Bb5 g6 4. Bxc6 dxc6 5. d3 Bg7 6. h3 Nf6 7. Nc3 Nd7 8. Be3 e5 9. O-O b6 10. a4 a5 11. Nb1 Nf8 12. Na3 Ba6 13. b3 Ne6 14. Nc4 Qc7 15. c3 O-O 16. Qd2 f5 17. exf5 gxf5 18. Bh6 Nf4 19. Bxf4 exf4 20. Rfe1 Bxc4 21. bxc4 Rae8 22. Ng5 Be5 23. d4 cxd4 24. cxd4 Qg7 25. Nf3 Bd6 26. Rxe8 Rxe8 27. Re1 Re4 28. Rd1 Bb4 29. Qa2 Qe7 30. c5+ Kg7 31. cxb6 Qb7 32. Ne5 c5 33. Qe6 cxd4 34. Qxf5 Re1+ 35. Rxe1 Bxe1 36. Qd7+ Qxd7 37. Nxd7 d3 38. Kf1 Bb4 39. b7 Bd6 40. b8=Q Bxb8 41. Nxb8 1-0

[Event "ITA-ch U20 2019"]
[Site "Padova"]
[Date "2019.12.05"]
[Round "10"]
[White "Loiacono, Antonio"]
[Black "Seresin, Francesco"]
[Result "0-1"]
[WhiteElo "2289"]
[BlackElo "2367"]
[Annotator "NA RC"]
[PlyCount "99"]
[EventDate "2019.11.28"]
[EventType "tourn"]
[EventCountry "ITA"]
[SourceTitle "playchess.com"]
[Source "ChessBase"]
[SourceQuality "1"]

1. e4 d5 2. exd5 Qxd5 3. Nc3 Qd6 4. d4 Nf6 5. Nge2 c6 6. Bf4 Qd8 7. Qd2 Bf5 8. f3 e6 9. O-O-O Bg6 10. h4 h6 11. Kb1 Be7 12. g4 Nd5 13. Bg3 Nd7 14. Nxd5 cxd5 15. Nf4 Bh7 16. Nh5 Rc8 17. Bd3 Bxd3 18. Qxd3 g6 19. Nf4 Nf8 20. Ng2 Bd6 21. Bxd6 Qxd6 22. f4 h5 23. f5 hxg4 24. fxg6 fxg6 25. Ne3 a6 26. Nxg4 Qf4 27. Ne5 Qf5 28. Qb3 Rh7 29. Rhf1 Qe4 30. Rde1 Qxd4 31. Qf3 Qc5 32. c3 Qe7 33. Qg3 Rg7 34. Re2 Nd7 35. Nxg6 Qc5 36. Rxe6+ Kd8 37. Rfe1 Rg8 38. h5 d4 39. h6 dxc3 40. Qxc3 Qf5+ 41. R6e4 Rxc3 42. h7 Qxg6 43. hxg8=Q+ Qxg8 44. bxc3 Kc7 45. Kb2 Qg2+ 46. R1e2 Qg6 47. Re6 Qd3 48. Re7 Kb8 49. Rh2 Qb5+ 50. Kc2 0-1

[Event "ITA-ch U20 2019"]
[Site "Padova"]
[Date "2019.12.05"]
[Round "11"]
[White "Loiacono, Antonio"]
[Black "Loiacono, Leonardo"]
[Result "1/2-1/2"]
[WhiteElo "2289"]
[BlackElo "2297"]
[Annotator "NA"]
[PlyCount "128"]
[EventDate "2019.11.28"]
[EventType "tourn"]
[EventCountry "ITA"]
[SourceTitle "playchess.com"]
[Source "ChessBase"]
[SourceQuality "1"]

1. e4 d6 2. d4 e5 3. Ne2 Nf6 4. Nbc3 Nbd7 5. g3 g6 6. Bg2 Bg7 7. O-O O-O 8. h3 Re8 9. f4 exd4 10. Nxd4 Nc5 11. Re1 c6 12. Nb3 Nxb3 13. axb3 d5 14. e5 Nd7 15. Be3 Nb6 16. Bf2 Bd7 17. Qd2 f6 18. exf6 Rxe1+ 19. Rxe1 Qxf6 20. Bxb6 axb6 21. Nxd5 Qd4+ 22. Qxd4 Bxd4+ 23. Ne3 Re8 24. Kf2 Bxb2 25. Rd1 Be6 26. Kf3 Ba3 27. g4 Bc5 28. Rd3 Kg7 29. Kg3 Bxb3 30. Rd7+ Bf7 31. Nc4 Re7 32. Rxe7 Bxe7 33. Nxb6 Bd8 34. Nd7 Bc7 35. h4 h6 36. g5 hxg5 37. hxg5 Be6 38. Nc5 Bc8 39. Bf3 b6 40. Nb3 c5 41. Bg4 Bb7 42. Nd2 Bc6 43. Bf3 Be8 44. Ne4 Ba4 45. c3 Bc2 46. Nf6 Bd8 47. Ne8+ Kf8 48. Nd6 Be7 49. Nc4 b5 50. Ne5 b4 51. cxb4 cxb4 52. Bd5 Bd6 53. Nd7+ Ke7 54. Nb6 b3 55. Nc4 Bc5 56. Nd2 b2 57. Ba2 Be3 58. Bb1 Bxb1 59. Nxb1 Ke6 60. Kf3 Bc5 61. Ke4 Bb4 62. Ke3 Kf5 63. Kf3 Bd6 64. Nc3 Bxf4 1/2-1/2